A history of historical writing /

محفوظ في:

المؤلف الرئيسي: Barnes, Harry Elmer, 1889-1968 (مؤلف)

التنسيق: كتاب

اللغة: English

منشور في: New York : Dover Publications, [c1963].

الطبعة: 2nd rev. ed.

سلاسل: Dover books on history, and history of culture ; T104.

الموضوعات:

الوسوم: إضافة وسم

لا توجد وسوم, كن أول من يضع وسما على هذه التسجيلة!

رقم الطلب: D13 .B32 1963

LEADER 00677namaa2200229 4500
001 21037
003 OSt
005 20251118092245.0
008 130303s1963 nyu b 000 0 eng d
040 |c ARCE Library 
050 4 |a D13 .B32 1963 
100 1 |a Barnes, Harry Elmer,  |d 1889-1968,  |e author 
245 1 2 |a A history of historical writing /  |c Harry Elmer Barnes. 
250 |a 2nd rev. ed. 
264 1 |a New York :  |b Dover Publications,  |c [c1963]. 
300 |a 450 pages ;   |c 22 cm. 
490 0 |a Dover books on history, and history of culture ;   |v T104. 
504 |a Includes bibliographies. 
650 0 |a Historiography. 
901 |a reviewed 
942 |c BK  |2 lcc 
999 |c 18289  |d 18289